Normal view
MARC view
- Hussain, Haikal
Entry Personal Name
001 - CONTROL NUMBER
- control field: 98367
003 - CONTROL NUMBER IDENTIFIER
- control field: NUST
005 - DATE AND TIME OF LATEST TRANSACTION
- control field: 20220823160400.0
008 - FIXED-LENGTH DATA ELEMENTS
- fixed length control field: 220823|| aca||aabn | a|a d
040 ## - CATALOGING SOURCE
- Original cataloging agency: NUST
- Transcribing agency: NUST
100 ## - HEADING--PERSONAL NAME
- Personal name: Hussain, Haikal
670 ## - SOURCE DATA FOUND
- Source citation: Work cat.: (NUST): Hussain, Haikal, حیات محمد صلى الله عليه وسلم , 2017.
